| 000 | 00680nam a2200205 i 4500 | ||
|---|---|---|---|
| 001 | 183110 | ||
| 003 | ES-MaACL | ||
| 005 | 20230906221811.0 | ||
| 008 | 140117s1968 fr |||| | fre d | ||
| 100 | 0 |
_aTondriau, Julien. _9110566 |
|
| 245 | 1 | 3 |
_aLe Guide Marabout du yoga / _cJulien Tondriau et Joseph Devondel. |
| 260 |
_aVerviers : _bGérard et Cie ; _aParis : _bl'Inter, _c1968. |
||
| 300 |
_a286 p. : _bil. ; _c18 cm. |
||
| 490 | 1 |
_aMarabout service ; _v79 |
|
| 650 | 4 |
_aYoga. _917859 |
|
| 700 | 1 |
_aDevondel, Joseph-Marie. _9154220 |
|
| 830 | 0 |
_aMarabout service ; _v79 _9191871 |
|
| 852 |
_aES-MaACL _jL-29942 _z.- Donat. Miguel A. Velasco |
||
| 999 |
_c183110 _d183110 |
||